000 01025nas a2200313 4500
001 BR2011006826
003 BR-BrBNA
005 20231205120035.0
007 ta
008 230509b bl.|||p| |||| 00| 00por d
040 _aBR-BrBNA
_bpor
_cBiblioteca Nacional de Agricultura
041 _a(Pt)
072 _aN20; U10
100 1 _aMachado, A.L.T.
100 1 _aSanto, A.C.E.
100 1 _aBatista, V.J.
100 1 _aReis, A.V. dos
100 1 _aFerreira, O.C.L.
100 1 _aOldoni, A.
245 1 _aMetodologia para avaliação do desgaste em ferramentas simétricas de mobilização do solo
650 _aEQUIPAMENTO AGRÍCOLA
650 _aMANEJO DO SOLO
650 _aFOTOGRAFIA
650 _aPROGRAMA DE COMPUTADOR
773 0 _tRevista Brasileira de Engenharia Agrícola e Ambiental (Brazil)
_xISSN 1807-1929
_g(Sep-Oct 2009), v.13(5) p. 645-650
_wBR2011006826
856 4 0 _uhttp://www.scielo.br/pdf/rbeaa/v13n5/v13n05a19.pdf
909 _a202311
_bLúcia
_c55
_dLúcia Elande
942 _2AGRIS
_n0
_cANA
999 _c216788
_d216788